| 000 | 01263nam a2200253Ia 4500 | ||
|---|---|---|---|
| 003 | OSt | ||
| 005 | 20210608115243.0 | ||
| 008 | 210310s2006 ck adb gr 000 0 spa d | ||
| 020 | _a958977508X | ||
| 040 |
_aCO-JMCR _cCO-JMCR |
||
| 041 | 0 | _aspa | |
| 082 | 0 | 4 |
_a333.793231 / _bC718a _223 |
| 110 | 1 |
_aColombia. _bMinisterio de Minas y Energía _bUnidad de Planeación Minero Energética _938177 |
|
| 245 | 1 | 0 |
_aAnálisis comparativo internacional de precios de electricidad : _ben el sector industrial / _c[estudio elaborado por la Unidad de Planeación Minero Energética UPME] |
| 250 | _aSegunda edición | ||
| 260 |
_aBogotá : _bUPME, _c2006 |
||
| 300 |
_a184 páginas : _bilustraciones, gráficas y mapas a color ; _c28 cm. |
||
| 500 | _aIncluye notas a pie de página. | ||
| 505 | 0 | _aAnálisis comparativo de los marcos regulatorios y tarifarios -- Análisis comparativo de precios de electricidad para nivel 4 de tensión (V>60kV) -- Resultados y conclusiones -- Análisis de los países incluidos | |
| 650 | 1 | 4 |
_aElectricidad en la industria _916088 _xAspectos económicos _zAmérica Latina |
| 650 | 2 | 4 |
_aDistribución de energía eléctrica _xPrecios _zAmérica Latina _938178 |
| 650 | 2 | 4 |
_aPolítica energética _zAmérica Latina _938179 |
| 942 |
_2ddc _cBK |
||
| 999 |
_c8014 _d8014 |
||